000 00684nam a22001577a 4500
999 _c63573
_d63573
003 Ge_BSU
005 20251103172536.0
008 251103s1977 ge ||||| |||| 00| 0 geo d
041 _ageo
080 _a001.92:63 მ-62
245 _aმეცნიერება - სოფელს :
_b[სტატიების კრებული] /
_c ავტ.: ა. ჯაფარიძე და სხვ.
264 _aთბ. :
_bსაბჭ. საქართველო,
_c1977.
300 _a305 გვ. ;
_b 20 სმ.
653 _aმეცნიერული მიღწევების დანერგვა სოფელში
942 _2udc
_cᲬᲘᲒᲜᲘ